[Event "San Francisco TNM Winter op"]
[Site "San Francisco"]
[Date "2016.01.26"]
[Round "4"]
[White "Tokatyan, Shant"]
[Black "Donaldson, John W"]
[Result "0-1"]
[WhiteElo "1490"]
[BlackElo "2410"]
[PlyCount "72"]
[EventDate "2016.01.05"]
[EventType "swiss"]
[EventRounds "8"]
[EventCountry "USA"]
[SourceTitle "EXT 2018"]
[Source "ChessBase"]
[SourceDate "2017.10.13"]
[SourceVersion "1"]
[SourceVersionDate "2017.10.13"]
[SourceQuality "1"]

1. d4 Nf6 2. c4 e6 3. Nc3 Bb4 4. Bg5 h6 5. Bxf6 Bxc3+ 6. bxc3 Qxf6 7. Nf3 d6 8. e3 0-0 9. Bd3 e5 10. 0-0 Bg4 11. Be4 c6 12. h3 Bh5 13. Rb1 Qe7 14. Qd3 Bxf3 15. Bxf3 f5 16. Qc2 e4 17. Be2 c5 18. f4 b6 19. g3 Nd7 20. Rb2 Kh8 21. Rfb1 g5 22. Bd1 gxf4 23. exf4 Rg8 24. Kh2 Rg6 25. Bh5 Rg7 26. Rg1 Nf6 27. Bd1 Rag8 28. Qf2 e3 29. Qe1 Ne4 30. Qxe3 Rxg3 31. Rxg3 Rxg3 32. Qe2 Qh4 33. Qh5 Rxh3+ 34. Kg1 Qe1+ 35. Kg2 Rg3+ 36. Kh2 Qg1# 0-1

[Event "Los Angeles PSW op 49th"]
[Site "Los Angeles"]
[Date "2009.07.04"]
[Round "3"]
[White "Donaldson, John W"]
[Black "Chapa, Eric"]
[Result "1-0"]
[WhiteElo "2394"]
[BlackElo "2183"]
[PlyCount "45"]
[EventDate "2009.07.03"]
[EventType "swiss"]
[EventRounds "6"]
[EventCountry "USA"]
[SourceTitle "CBM 131 Extra"]
[Source "ChessBase"]
[SourceDate "2009.09.03"]
[SourceVersion "2"]
[SourceVersionDate "2009.09.16"]
[SourceQuality "1"]

1. c4 c5 2. Nf3 Nf6 3. Nc3 d5 4. cxd5 Nxd5 5. g3 Nc6 6. Bg2 Nc7 7. Qa4 Qd7 8. 0-0 e5 9. a3 f6 10. e3 Be7 11. Rd1 Qd3 12. b4 cxb4 13. axb4 Bd7 14. b5 Nd8 15. Ba3 Nxb5 16. Bxe7 Kxe7 17. Nxb5 Qxb5 18. Qa3+ Ke8 19. d4 e4 20. Nd2 f5 21. Rdc1 Nf7 22. Bf1 Qd5 23. Bc4 1-0

[Event "Calgary CICC op"]
[Site "Calgary"]
[Date "2009.05.17"]
[Round "7"]
[White "Donaldson, John W"]
[Black "Pechenkin, Vladimir"]
[Result "0-1"]
[WhiteElo "2409"]
[BlackElo "2312"]
[PlyCount "58"]
[EventDate "2009.05.14"]
[EventType "swiss"]
[EventRounds "9"]
[EventCountry "CAN"]
[SourceTitle "CBM 130 Extra"]
[Source "ChessBase"]
[SourceDate "2009.07.02"]
[SourceVersion "2"]
[SourceVersionDate "2009.07.15"]
[SourceQuality "1"]

1. Nf3 f5 2. g3 Nf6 3. Bg2 d6 4. 0-0 e5 5. d3 g6 6. c4 Bg7 7. Nc3 Nc6 8. Rb1 h6 9. b4 0-0 10. b5 Ne7 11. Nd2 g5 12. Qb3 Kh8 13. a4 Rb8 14. Ba3 Be6 15. Nd5 f4 16. Nxe7 Qxe7 17. Ne4 b6 18. a5 Nxe4 19. Bxe4 h5 20. axb6 axb6 21. Bb2 Qf6 22. d4 exd4 23. Qd3 Rbe8 24. Rbd1 Bh3 25. Bxd4 Qxd4 26. Qxd4 Bxd4 27. Rxd4 Bxf1 28. Kxf1 fxg3 29. hxg3 Kg7 0-1

[Event "Calgary op"]
[Site "Calgary"]
[Date "2008.05.16"]
[Round "1"]
[White "Donaldson, John W"]
[Black "Yearwood, Roy"]
[Result "1-0"]
[WhiteElo "2414"]
[BlackElo "2062"]
[PlyCount "51"]
[EventDate "2008.05.16"]
[EventType "swiss"]
[EventRounds "7"]
[EventCountry "CAN"]
[SourceTitle "EXT 2011"]
[Source "ChessBase"]
[SourceDate "2010.11.26"]
[SourceVersion "1"]
[SourceVersionDate "2010.11.26"]
[SourceQuality "1"]

1. Nf3 Nc6 2. d4 d5 3. g3 Bg4 4. Bg2 Nf6 5. 0-0 e6 6. c4 dxc4 7. Qa4 Nd7 8. Qxc4 Nb6 9. Qd3 Bxf3 10. Bxf3 Nxd4 11. Bxb7 Rb8 12. Bg2 c5 13. Rd1 Qc7 14. Nc3 e5 15. e3 c4 16. Qe4 Ne6 17. Nb5 Qc5 18. Nxa7 Bd6 19. Qc6+ Nd7 20. Qxd6 Qxa7 21. Bc6 Rd8 22. Bd2 Qc5 23. Bb4 Qxd6 24. Rxd6 Nef8 25. Rad1 h5 26. Ba5 1-0

[Event "Reno Far West op"]
[Site "Reno"]
[Date "2008.03.22"]
[Round "3"]
[White "Raptis, Nick"]
[Black "Donaldson, John W"]
[Result "1/2-1/2"]
[WhiteElo "2259"]
[BlackElo "2420"]
[PlyCount "54"]
[EventDate "2008.03.21"]
[EventType "swiss"]
[EventRounds "6"]
[EventCountry "USA"]
[SourceTitle "EXT 2010"]
[Source "ChessBase"]
[SourceDate "2010.11.25"]
[SourceVersion "1"]
[SourceVersionDate "2010.11.25"]
[SourceQuality "1"]

1. Nf3 c5 2. g3 Nc6 3. Bg2 e5 4. d3 g6 5. 0-0 Bg7 6. c4 Nge7 7. Nc3 d6 8. Ne1 Be6 9. Nc2 d5 10. cxd5 Nxd5 11. Nxd5 Bxd5 12. Ne3 Bxg2 13. Nxg2 0-0 14. Be3 b6 15. a3 Qd6 16. Rb1 a5 17. Qb3 Nd4 18. Bxd4 exd4 19. a4 Bh6 20. e4 dxe3 21. fxe3 Rae8 22. Rbe1 Re7 23. Qc4 Rd8 24. Rd1 Qe6 25. Qxe6 Rxe6 26. Kf2 f5 27. b3 Kf7 1/2-1/2

[Event "Stillwater Winter op"]
[Site "Oklahoma"]
[Date "2008.02.17"]
[Round "3"]
[White "Donaldson, John W"]
[Black "Orton, William R"]
[Result "1/2-1/2"]
[WhiteElo "2420"]
[BlackElo "2158"]
[PlyCount "91"]
[EventDate "2008.02.16"]
[EventType "swiss"]
[EventRounds "7"]
[EventCountry "USA"]
[SourceTitle "CBM 122 Extra"]
[Source "ChessBase"]
[SourceDate "2008.03.04"]
[SourceVersion "1"]
[SourceVersionDate "2008.03.04"]
[SourceQuality "1"]

1. Nf3 c5 2. c4 Nc6 3. d4 b6 4. Nc3 e6 5. e4 cxd4 6. Nxd4 Bc5 7. Be3 Qf6 8. Ndb5 Bxe3 9. fxe3 Qe5 10. Qd2 Nf6 11. Nd6+ Ke7 12. 0-0-0 Rd8 13. Be2 Ne8 14. Ncb5 a6 15. Nxe8 axb5 16. Nd6 b4 17. Kb1 f6 18. g4 Qa5 19. b3 Qc5 20. h4 Ba6 21. g5 fxg5 22. hxg5 Qxg5 23. Rdg1 Qe5 24. Rh5 Qc3 25. Qxc3 bxc3 26. Nb5 Bxb5 27. Rxb5 c2+ 28. Kb2 c1Q+ 29. Rxc1 Rab8 30. c5 bxc5 31. Rbxc5 g6 32. a3 h5 33. Rg1 Rg8 34. b4 Rbf8 35. b5 Rf2 36. Rc2 Ne5 37. a4 h4 38. a5 h3 39. a6 h2 40. Rh1 g5 41. a7 g4 42. Bxg4 Nc4+ 43. Kc3 Rxc2+ 44. Kxc2 Na3+ 45. Kd3 Nxb5 46. Rxh2 1/2-1/2

[Event "Edmonton 2nd"]
[Site "Edmonton"]
[Date "2007.08.05"]
[Round "6"]
[White "Reeve, Jeff"]
[Black "Donaldson, John W"]
[Result "0-1"]
[WhiteElo "2205"]
[BlackElo "2413"]
[PlyCount "72"]
[EventDate "2007.08.02"]
[EventType "tourn"]
[EventRounds "9"]
[EventCountry "CAN"]
[EventCategory "4"]
[SourceTitle "CBM 119 Extra"]
[Source "ChessBase"]
[SourceDate "2007.09.04"]
[SourceVersion "1"]
[SourceVersionDate "2007.09.04"]
[SourceQuality "1"]

1. e4 c5 2. Nf3 g6 3. d4 Bg7 4. c4 d6 5. Be2 Qb6 6. Nc3 cxd4 7. Nd5 Qa5+ 8. b4 Qd8 9. Nxd4 Nf6 10. Nxf6+ Bxf6 11. Be3 0-0 12. 0-0 Nc6 13. Rb1 Nxd4 14. Bxd4 Bxd4 15. Qxd4 Qb6 16. c5 dxc5 17. bxc5 Qc7 18. Bc4 Bd7 19. f4 Rad8 20. Qe3 Bc6 21. Bb3 e6 22. h4 Qe7 23. h5 Rd7 24. hxg6 hxg6 25. Rf3 Rfd8 26. Rc1 Rd4 27. Rh3 Bxe4 28. Bc2 Bxc2 29. Rxc2 Qf6 30. Rf3 Qf5 31. Rc1 Rd3 32. Qe5 Qxe5 33. fxe5 Rd1+ 34. Rf1 Rxc1 35. Rxc1 Rd5 36. Rb1 Rxc5 0-1

[Event "Edmonton 2nd"]
[Site "Edmonton"]
[Date "2007.08.02"]
[Round "1"]
[White "Haessel, Dale R"]
[Black "Donaldson, John W"]
[Result "1/2-1/2"]
[WhiteElo "2136"]
[BlackElo "2413"]
[PlyCount "119"]
[EventDate "2007.08.02"]
[EventType "tourn"]
[EventRounds "9"]
[EventCountry "CAN"]
[EventCategory "4"]
[SourceTitle "CBM 119 Extra"]
[Source "ChessBase"]
[SourceDate "2007.09.04"]
[SourceVersion "1"]
[SourceVersionDate "2007.09.04"]
[SourceQuality "1"]

1. d4 c5 2. d5 Nf6 3. c4 d6 4. Nc3 g6 5. Nf3 Bg7 6. g3 0-0 7. Bg2 a6 8. a4 e6 9. 0-0 exd5 10. cxd5 Re8 11. Nd2 Nbd7 12. h3 Rb8 13. Nc4 Nb6 14. Na3 Bd7 15. a5 Nc8 16. Nc4 Bb5 17. Qb3 Bxc4 18. Qxc4 Nd7 19. Ra3 Na7 20. e4 Ne5 21. Qe2 c4 22. Be3 Nb5 23. Nxb5 axb5 24. b3 Qd7 25. bxc4 bxc4 26. Rb1 Rbc8 27. Bd2 Rc5 28. Bc3 Nd3 29. Qc2 Bxc3 30. Qxc3 Rb5 31. Raa1 Rc5 32. Rb6 Rc7 33. a6 Nc5 34. axb7 Nxb7 35. Rb4 Rec8 36. f4 Nc5 37. Qxc4 Ra7 38. Rxa7 Qxa7 39. Qd4 Qa3 40. Kh2 Nb3 41. Qb6 Nd2 42. Qxd6 Nf3+ 43. Bxf3 Qxf3 44. Rb2 Qxe4 45. Qe5 Re8 46. Qxe4 Rxe4 47. Rb8+ Kg7 48. Kg2 Rd4 49. Rd8 Kf6 50. Rd7 h5 51. Kf3 Rd3+ 52. Kf2 h4 53. g4 Rxh3 54. g5+ Kg7 55. d6 Rd3 56. Rd8 Rd2+ 57. Kg1 h3 58. Kh1 h2 59. d7 Kh7 60. Re8 1/2-1/2

[Event "Las Vegas National op"]
[Site "Las Vegas"]
[Date "2005.06.12"]
[Round "6"]
[White "Gurevich, Dmitry"]
[Black "Donaldson, John W"]
[Result "1-0"]
[WhiteElo "2515"]
[BlackElo "2407"]
[PlyCount "79"]
[EventDate "2005.06.10"]
[EventType "swiss"]
[EventRounds "7"]
[EventCountry "USA"]
[SourceTitle "CBM 106 Extra"]
[Source "ChessBase"]
[SourceDate "2005.07.01"]
[SourceVersion "1"]
[SourceVersionDate "2005.07.01"]
[SourceQuality "1"]

1. d4 d5 2. c4 c6 3. e3 Nf6 4. Nc3 g6 5. Nf3 Bg7 6. Be2 0-0 7. 0-0 dxc4 8. Bxc4 Bg4 9. h3 Bxf3 10. Qxf3 Nbd7 11. Rd1 e5 12. d5 e4 13. Qf4 Qe7 14. dxc6 bxc6 15. Qc7 Rfc8 16. Qa5 Ne5 17. Be2 Rd8 18. Rxd8+ Rxd8 19. b3 Nd5 20. Ba3 Qd7 21. Nxd5 Qxd5 22. Qxd5 Rxd5 23. Rd1 Nd3 24. Rd2 f5 25. Rc2 c5 26. Kf1 Bf8 27. Rc4 Ne5 28. Bb2 Bg7 29. Ra4 Rd7 30. g4 Rc7 31. Ra6 Kf7 32. Bxe5 Bxe5 33. Bc4+ Kg7 34. gxf5 gxf5 35. Be6 Kf6 36. h4 Bc3 37. Bc4+ Kg7 38. h5 h6 39. Rg6+ Kh7 40. Be6 1-0

[Event "Las Vegas National op"]
[Site "Las Vegas"]
[Date "2005.06.10"]
[Round "2"]
[White "Donaldson, John W"]
[Black "Weinberger, Tibor"]
[Result "1-0"]
[WhiteElo "2407"]
[BlackElo "2215"]
[PlyCount "45"]
[EventDate "2005.06.10"]
[EventType "swiss"]
[EventRounds "7"]
[EventCountry "USA"]
[SourceTitle "CBM 106 Extra"]
[Source "ChessBase"]
[SourceDate "2005.07.01"]
[SourceVersion "1"]
[SourceVersionDate "2005.07.01"]
[SourceQuality "1"]

1. Nf3 d5 2. g3 c6 3. Bg2 Nd7 4. d4 e6 5. 0-0 Bd6 6. c4 Ngf6 7. Nc3 0-0 8. Nd2 Bc7 9. e4 dxc4 10. Nxc4 b5 11. Ne3 Rb8 12. b4 a5 13. a3 e5 14. d5 c5 15. Rb1 cxb4 16. axb4 axb4 17. Na2 Nc5 18. Nxb4 Qd6 19. Nc6 Ra8 20. Qc2 Bd7 21. Rxb5 Bxc6 22. dxc6 Ne6 23. Nf5 1-0

[Event "Western States op"]
[Site "Reno"]
[Date "2004.10.17"]
[Round "5"]
[White "Donaldson, John W"]
[Black "Ishkanov, Tigran"]
[Result "0-1"]
[WhiteElo "2471"]
[BlackElo "2344"]
[PlyCount "80"]
[EventDate "2004.10.15"]
[EventType "swiss"]
[EventRounds "6"]
[EventCountry "USA"]
[SourceTitle "EXT 2009"]
[Source "ChessBase"]
[SourceDate "2008.11.26"]
[SourceVersion "1"]
[SourceVersionDate "2008.11.26"]
[SourceQuality "1"]

1. d4 Nf6 2. Nf3 b5 3. Bg5 Bb7 4. Nbd2 a6 5. c3 e6 6. e4 h6 7. Bxf6 Qxf6 8. Bd3 d6 9. 0-0 Nd7 10. a4 c6 11. axb5 axb5 12. Qb3 Rb8 13. c4 bxc4 14. Nxc4 Qd8 15. Qa3 Qc7 16. Qa5 Qxa5 17. Nxa5 Ba8 18. Rfc1 c5 19. Bc2 Kd8 20. Nc4 cxd4 21. Nxd4 d5 22. Na5 Ne5 23. exd5 Bxd5 24. Bb3 Bxb3 25. Naxb3 Rc8 26. Rd1 Ke7 27. f4 Ng4 28. Rd3 h5 29. Nf3 Kf6 30. h3 Nh6 31. Ne5 Rc7 32. g3 Be7 33. Rad1 Rb8 34. g4 hxg4 35. hxg4 g5 36. fxg5+ Kxg5 37. Rd7 Rxd7 38. Rxd7 Rxb3 39. Rxe7 Kf6 40. Nc6 Nxg4 0-1

[Event "Western States op"]
[Site "Reno"]
[Date "2004.10.15"]
[Round "1"]
[White "Donaldson, John W"]
[Black "Lehman, Clarence"]
[Result "1-0"]
[WhiteElo "2471"]
[BlackElo "1911"]
[PlyCount "59"]
[EventDate "2004.10.15"]
[EventType "swiss"]
[EventRounds "6"]
[EventCountry "USA"]
[SourceTitle "EXT 2009"]
[Source "ChessBase"]
[SourceDate "2008.11.26"]
[SourceVersion "1"]
[SourceVersionDate "2008.11.26"]
[SourceQuality "1"]

1. d4 d5 2. c4 e6 3. Nf3 Nf6 4. g3 Be7 5. Bg2 0-0 6. 0-0 a6 7. Nc3 Ne4 8. Qc2 f5 9. b3 Nc6 10. Bb2 Bf6 11. Rad1 Ne7 12. Ne5 Ng6 13. e3 Rb8 14. Ba3 Ne7 15. Ne2 c6 16. Nf4 g5 17. Nfd3 Nd6 18. Rc1 Kg7 19. Bc5 b6 20. Bxd6 Qxd6 21. cxd5 cxd5 22. Qc7 Qxc7 23. Rxc7 Rb7 24. Rfc1 Rxc7 25. Rxc7 Rd8 26. Nb4 Bxe5 27. Rxe7+ Kf8 28. Nc6 Rd6 29. Rc7 Rd8 30. dxe5 1-0